[Event "Winnipeg TNT April op"]
[Site "Winnipeg CAN"]
[Date "2009.04.28"]
[Round "4"]
[White "Rutter, Blair"]
[Black "Trinidad, Kris"]
[Result "1-0"]
[WhiteElo "1853"]
[BlackElo "1558"]
[PlyCount "55"]
[GameId "2160767910222961"]
[EventDate "2009.04.07"]
[EventType "swiss"]
[EventRounds "5"]
[EventCountry "CAN"]
[SourceTitle "EXT 2011"]
[Source "ChessBase"]
[SourceDate "2011.11.26"]
[SourceVersion "1"]
[SourceVersionDate "2011.11.26"]
[SourceQuality "1"]

1. c4 Nf6 2. g3 g6 3. Bg2 Bg7 4. Nc3 O-O 5. e4 d6 6. Nge2 c5 7. O-O Nc6 8. h3 Nd7 9. d3 Nb6 10. Be3 e6 11. Kh2 Nd4 12. Qd2 Re8 13. f4 Qe7 14. Rae1 h6 15. Rf2 f5 16. Rff1 Kh7 17. Bxd4 cxd4 18. Nb5 e5 19. exf5 gxf5 20. Nexd4 a6 21. Nc3 Qc7 22. fxe5 Bxe5 23. Nce2 Qg7 24. Nxf5 Bxf5 25. Rxf5 Bxb2 26. Be4 Nxc4 27. Qf4 Be5 28. Rxe5+ 1-0

[Event "Winnipeg TNT August op"]
[Site "Winnipeg CAN"]
[Date "2009.08.04"]
[Round "1"]
[White "Goodman, Clifford"]
[Black "Bince, Rolando"]
[Result "0-1"]
[WhiteElo "1678"]
[BlackElo "2086"]
[PlyCount "122"]
[GameId "2160767910093349"]
[EventDate "2009.08.04"]
[EventType "swiss"]
[EventRounds "4"]
[EventCountry "CAN"]
[SourceTitle "EXT 2011"]
[Source "ChessBase"]
[SourceDate "2011.11.26"]
[SourceVersion "1"]
[SourceVersionDate "2011.11.26"]
[SourceQuality "1"]

1. Nf3 c5 2. c4 Nf6 3. Nc3 g6 4. g3 b6 5. Bg2 Bb7 6. O-O Bg7 7. d4 cxd4 8. Nxd4 Bxg2 9. Kxg2 O-O 10. e4 d6 11. Be3 Qc8 12. Rc1 e6 13. f3 a6 14. Qb3 Nbd7 15. Nde2 Rb8 16. Rfd1 Nc5 17. Bxc5 bxc5 18. Qc2 Rd8 19. Rd2 Qc6 20. Rcd1 Ne8 21. b3 Bf6 22. Rd3 g5 23. Qd2 h6 24. h4 Bxc3 25. Nxc3 f6 26. hxg5 hxg5 27. Rh1 Rd7 28. Qd1 Rbb7 29. Rh6 Rh7 30. Qh1 Rbg7 31. Qh3 Qd7 32. Rd1 Rxh6 33. Qxh6 Qf7 34. Rh1 Kf8 35. Qh5 Qb7 36. Qh8+ Kf7 37. Rh7 Rxh7 38. Qxh7+ Ng7 39. Qh1 Kg6 40. g4 Qb4 41. Qe1 e5 42. Kf2 Ne6 43. Ne2 Qa3 44. Qd2 Nd4 45. Nxd4 cxd4 46. Ke2 a5 47. Qc2 Kf7 48. Kf2 Ke7 49. Ke2 Kd7 50. Kf2 Kc6 51. Ke2 a4 52. Kf2 axb3 53. axb3 Kc5 54. Qd3 Qb2+ 55. Kg3 Qc3 56. Qb1 d3 57. Qa2 Qe1+ 58. Kg2 d2 59. Qa7+ Kb4 60. Qa4+ Kc3 61. Qa5+ Kb2 0-1

[Event "Winnipeg TNT August op"]
[Site "Winnipeg CAN"]
[Date "2009.08.04"]
[Round "1"]
[White "Green, Aaron"]
[Black "Ott, Richard"]
[Result "1-0"]
[WhiteElo "1779"]
[BlackElo "1483"]
[PlyCount "51"]
[GameId "2160767910093350"]
[EventDate "2009.08.04"]
[EventType "swiss"]
[EventRounds "4"]
[EventCountry "CAN"]
[SourceTitle "EXT 2011"]
[Source "ChessBase"]
[SourceDate "2011.11.26"]
[SourceVersion "1"]
[SourceVersionDate "2011.11.26"]
[SourceQuality "1"]

1. e4 c5 2. Nf3 Nc6 3. d4 cxd4 4. Nxd4 g6 5. c4 Bg7 6. Be3 Nf6 7. Nc3 d6 8. h3 Nxd4 9. Bxd4 O-O 10. Be2 Qa5 11. O-O Bd7 12. Bf3 e5 13. Be3 Be6 14. Nd5 Bxd5 15. cxd5 Rac8 16. Qb3 Qa6 17. Rac1 Nd7 18. Rxc8 Rxc8 19. g4 Nc5 20. Rc1 Bf8 21. Qc3 Rb8 22. b4 Nxe4 23. Bxe4 f5 24. gxf5 Qe2 25. fxg6 hxg6 26. Qd3 1-0

[Event "Winnipeg TNT August op"]
[Site "Winnipeg CAN"]
[Date "2009.08.04"]
[Round "1"]
[White "Keer, Keer"]
[Black "Klokow, John"]
[Result "1/2-1/2"]
[WhiteElo "1433"]
[BlackElo "1774"]
[PlyCount "93"]
[GameId "2160767910093351"]
[EventDate "2009.08.04"]
[EventType "swiss"]
[EventRounds "4"]
[EventCountry "CAN"]
[SourceTitle "EXT 2011"]
[Source "ChessBase"]
[SourceDate "2011.11.26"]
[SourceVersion "1"]
[SourceVersionDate "2011.11.26"]
[SourceQuality "1"]

1. e4 e5 2. d3 Nf6 3. Nc3 Nc6 4. Bg5 h6 5. Bh4 Bb4 6. Qd2 O-O 7. Nf3 Re8 8. a3 Be7 9. Bxf6 Bxf6 10. Nd5 d6 11. Be2 Be6 12. O-O Bxd5 13. exd5 Ne7 14. c4 Ng6 15. Qb4 a5 16. Qb3 Nf4 17. Rfe1 a4 18. Qb4 e4 19. dxe4 Rxe4 20. Bf1 Nxd5 21. Qxb7 Rxe1 22. Rxe1 Nb6 23. Re2 Nxc4 24. Rc2 Na5 25. Qxc7 Qxc7 26. Rxc7 Bxb2 27. Bb5 Nb3 28. Bc4 Rf8 29. Bxb3 axb3 30. Rb7 Rc8 31. Kf1 Bxa3 32. Rxb3 Bc5 33. Rc3 Re8 34. g3 Kf8 35. Rc2 Re7 36. Nd2 Ke8 37. Nb3 Rc7 38. Ke2 Bb6 39. Rxc7 Bxc7 40. Kd3 Bb6 41. f3 Kd7 42. Ke4 Ke6 43. Nd4+ Bxd4 44. Kxd4 f5 45. h4 g5 46. f4 gxf4 47. gxf4 1/2-1/2

[Event "Winnipeg TNT August op"]
[Site "Winnipeg CAN"]
[Date "2009.08.04"]
[Round "1"]
[White "Khedkar, Jay S"]
[Black "Letain, Cory"]
[Result "1-0"]
[WhiteElo "2008"]
[BlackElo "1622"]
[PlyCount "31"]
[GameId "2160767910093352"]
[EventDate "2009.08.04"]
[EventType "swiss"]
[EventRounds "4"]
[EventCountry "CAN"]
[SourceTitle "EXT 2011"]
[Source "ChessBase"]
[SourceDate "2011.11.26"]
[SourceVersion "1"]
[SourceVersionDate "2011.11.26"]
[SourceQuality "1"]

1. e4 e5 2. f4 exf4 3. Nf3 d6 4. Bc4 Be7 5. d4 Nc6 6. Bxf4 Bg4 7. O-O Bxf3 8. Rxf3 Nf6 9. Qd3 O-O 10. c3 Rc8 11. Nd2 d5 12. Bb5 dxe4 13. Nxe4 Qd5 14. Ng5 Bd6 15. Bxd6 cxd6 16. Rf5 1-0

[Event "Winnipeg TNT August op"]
[Site "Winnipeg CAN"]
[Date "2009.08.04"]
[Round "1"]
[White "Lipic, Stephen"]
[Black "Crawford, Gary"]
[Result "1-0"]
[WhiteElo "1717"]
[BlackElo "1385"]
[PlyCount "94"]
[GameId "2160767910093353"]
[EventDate "2009.08.04"]
[EventType "swiss"]
[EventRounds "4"]
[EventCountry "CAN"]

1. f4 e5 2. fxe5 d6 3. exd6 Bxd6 4. Nf3 Bg4 5. e4 Nc6 6. d3 Ne5 7. Be2 Nxf3+ 8. Bxf3 Qh4+ 9. g3 Bxg3+ 10. hxg3 Qxg3+ 11. Kd2 Bxf3 12. Qe1 Qg2+ 13. Kc3 Qxh1 14. Qg3 O-O-O 15. Nd2 Qg2 16. Qxf3 Qxf3 17. Nxf3 h5 18. Ne5 Rf8 19. Bg5 Rh7 20. Bh4 Nh6 21. Rf1 g6 22. Nxg6 Re8 23. Ne7+ Kd7 24. Nd5 Ng4 25. Rf5 c6 26. Nf4 Re5 27. Kd4 c5+ 28. Kc3 Rxf5 29. exf5 Kd6 30. d4 cxd4+ 31. Kxd4 Nh6 32. Ke4 Ng4 33. c4 f6 34. b4 b6 35. Nd5 Rf7 36. Bg3+ Ne5 37. Nxf6 h4 38. Bxe5+ Kc6 39. Ng4 h3 40. Bh2 Rg7 41. Kf4 Kd7 42. Kg3 Rg5 43. Kf4 Rg7 44. f6 Rg8 45. Kf5 Kc6 46. Ne5+ Kb7 47. Ng6 Kc8 1-0

[Event "Winnipeg TNT August op"]
[Site "Winnipeg CAN"]
[Date "2009.08.04"]
[Round "1"]
[White "Milord, Frank"]
[Black "Kernetsky, Myron"]
[Result "1/2-1/2"]
[WhiteElo "1647"]
[BlackElo "2009"]
[PlyCount "127"]
[GameId "2160767910093354"]
[EventDate "2009.08.04"]
[EventType "swiss"]
[EventRounds "4"]
[EventCountry "CAN"]
[SourceTitle "EXT 2011"]
[Source "ChessBase"]
[SourceDate "2011.11.26"]
[SourceVersion "1"]
[SourceVersionDate "2011.11.26"]
[SourceQuality "1"]

1. d4 Nf6 2. Nf3 e6 3. Bg5 d5 4. e3 Be7 5. Bd3 c5 6. c3 Nc6 7. O-O O-O 8. Bxf6 gxf6 9. Nbd2 f5 10. dxc5 Bxc5 11. Nb3 Bd6 12. Nfd4 Qf6 13. Qh5 Qg6 14. Qxg6+ hxg6 15. f4 Bd7 16. Rf3 Rac8 17. Raf1 Kg7 18. Rg3 Rh8 19. Rff3 Kf6 20. Rh3 Rce8 21. Kf2 e5 22. Nxc6 bxc6 23. fxe5+ Bxe5 24. Kg1 Bd6 25. Nd4 Kg7 26. Rxh8 Rxh8 27. h3 Rb8 28. b3 Be5 29. c4 f4 30. Ne2 fxe3 31. Rxe3 Bd6 32. Rf3 Re8 33. Kf1 Bb4 34. g4 Re5 35. Kf2 Be6 36. Nf4 Bd7 37. Ne2 Be7 38. Kf1 Bb4 39. Kf2 Be7 40. Kf1 Bg5 41. Kf2 Bh4+ 42. Kf1 Be6 43. Nd4 Re1+ 44. Kg2 Bd7 45. Rf1 Re3 46. Rf3 Re5 47. Ne2 Kg8 48. Kf1 Be6 49. Nd4 Bd7 50. Ne2 Kg7 51. Kg2 Bd8 52. Kf1 Ba5 53. Kf2 g5 54. Kf1 Be6 55. Nd4 Bd7 56. Ne2 Bc8 57. Kf2 Be6 58. Kf1 dxc4 59. Bxc4 Bxc4 60. bxc4 Kg6 61. Nd4 Rc5 62. Rf5 Rxc4 63. Rxa5 Rxd4 64. Rxa7 1/2-1/2

[Event "Winnipeg TNT August op"]
[Site "Winnipeg CAN"]
[Date "2009.08.04"]
[Round "1"]
[White "Pang, Michael"]
[Black "Lauritson, Jim"]
[Result "1-0"]
[WhiteElo "1612"]
[BlackElo "1939"]
[PlyCount "75"]
[GameId "2160767910093355"]
[EventDate "2009.08.04"]
[EventType "swiss"]
[EventRounds "4"]
[EventCountry "CAN"]
[SourceTitle "EXT 2011"]
[Source "ChessBase"]
[SourceDate "2011.11.26"]
[SourceVersion "1"]
[SourceVersionDate "2011.11.26"]
[SourceQuality "1"]

1. e4 c5 2. Nf3 e6 3. d4 cxd4 4. Nxd4 Nc6 5. Nc3 a6 6. Be3 Qc7 7. Qd2 Nf6 8. f3 d6 9. O-O-O h5 10. h4 Be7 11. Kb1 Nxd4 12. Bxd4 e5 13. Be3 Be6 14. a4 b6 15. Be2 O-O 16. Rdg1 Rfd8 17. Nd5 Bxd5 18. exd5 Rdb8 19. g4 hxg4 20. fxg4 b5 21. a5 Qb7 22. Rd1 Ne4 23. Qe1 Bd8 24. Bf3 Nc5 25. Bxc5 dxc5 26. Rf1 Qd7 27. d6 Ra7 28. Qxe5 c4 29. Qh5 g6 30. Qh6 Qe8 31. Bd5 Qf8 32. Qxg6+ Qg7 33. h5 Bxa5 34. Qxg7+ Kxg7 35. Rf5 Bd8 36. g5 f6 37. gxf6+ Kf8 38. f7 1-0

[Event "Winnipeg TNT August op"]
[Site "Winnipeg CAN"]
[Date "2009.08.04"]
[Round "1"]
[White "Rutter, Blair"]
[Black "Evans, Brian"]
[Result "1/2-1/2"]
[WhiteElo "1810"]
[BlackElo "1579"]
[PlyCount "111"]
[GameId "2160767910093356"]
[EventDate "2009.08.04"]
[EventType "swiss"]
[EventRounds "4"]
[EventCountry "CAN"]
[SourceTitle "EXT 2011"]
[Source "ChessBase"]
[SourceDate "2011.11.26"]
[SourceVersion "1"]
[SourceVersionDate "2011.11.26"]
[SourceQuality "1"]

1. c4 e5 2. g3 Nf6 3. Bg2 d5 4. Nc3 c6 5. cxd5 cxd5 6. d3 Bb4 7. Bd2 Bxc3 8. Bxc3 Nc6 9. Nf3 d4 10. Bd2 h6 11. O-O O-O 12. Rc1 Qb6 13. b3 Be6 14. h3 e4 15. dxe4 Nxe4 16. Bf4 Nc3 17. Qd2 Qa6 18. Rfe1 Qxa2 19. Rc2 Qxb3 20. Nxd4 Nxd4 21. Rxc3 Qb4 22. Be4 Nb5 23. Rb1 Qxc3 24. Rxb5 Qxd2 25. Bxd2 Rad8 26. Bb4 Rfe8 27. Bf3 b6 28. Rh5 Rd1+ 29. Kg2 Bc4 30. e3 Bf1+ 31. Kh2 Rb1 32. Rh4 a5 33. Bc3 Rc8 34. Bd4 Rc2 35. e4 Rb4 36. Be3 a4 37. Rg4 g5 38. h4 f5 39. exf5 Rxg4 40. Bxg4 gxh4 41. Bxb6 hxg3+ 42. Kxg3 a3 43. Bd1 Rc3+ 44. f3 a2 45. Bd4 Rd3 46. Bb3+ Rxb3 47. f6 Rb1 48. f4 a1=Q 49. Bxa1 Rxa1 50. Kh4 Bc4 51. Kh5 Kh7 52. Kh4 Kg6 53. Kg4 Kxf6 54. Kg3 Kf5 55. Kf2 Rf1+ 56. Kg3 1/2-1/2

[Event "Winnipeg TNT August op"]
[Site "Winnipeg CAN"]
[Date "2009.08.04"]
[Round "1"]
[White "Schulz, Waldemar"]
[Black "Czarny, Keith"]
[Result "1/2-1/2"]
[WhiteElo "2027"]
[BlackElo "1626"]
[PlyCount "83"]
[GameId "2160767910093357"]
[EventDate "2009.08.04"]
[EventType "swiss"]
[EventRounds "4"]
[EventCountry "CAN"]
[SourceTitle "EXT 2011"]
[Source "ChessBase"]
[SourceDate "2011.11.26"]
[SourceVersion "1"]
[SourceVersionDate "2011.11.26"]
[SourceQuality "1"]

1. Nf3 e6 2. g3 f5 3. d4 Nf6 4. Bg2 d5 5. O-O Nc6 6. Nbd2 Ne4 7. Nb3 a5 8. a4 Be7 9. Ne5 Nxe5 10. dxe5 O-O 11. Be3 b6 12. Nd4 c5 13. Nc6 Qc7 14. Nxe7+ Qxe7 15. f3 Ng5 16. Qd2 Nf7 17. f4 Bb7 18. Bf2 Nh6 19. h3 Nf7 20. Kh2 Rfd8 21. c3 Rd7 22. b4 axb4 23. cxb4 d4 24. Rfb1 Bxg2 25. Kxg2 Rda7 26. Qa2 Rxa4 27. Qb2 Qb7+ 28. Kh2 Rxb4 29. Qc2 Rxb1 30. Rxb1 Nd8 31. Qb3 Rb8 32. e3 Qf3 33. Rb2 dxe3 34. Bxe3 Qc6 35. Qa3 c4 36. Qe7 h6 37. Rxb6 Qa8 38. Qd6 Rxb6 39. Bxb6 Qa2+ 40. Kg1 Qb1+ 41. Kf2 Qc2+ 42. Ke3 1/2-1/2

[Event "Winnipeg TNT August op"]
[Site "Winnipeg CAN"]
[Date "2009.08.04"]
[Round "1.4"]
[White "Boron, Anthony"]
[Black "Wasserman, Leor"]
[Result "1-0"]
[WhiteElo "2015"]
[BlackElo "1650"]
[PlyCount "35"]
[GameId "2160767910093358"]
[EventDate "2009.08.04"]
[EventType "swiss"]
[EventRounds "4"]
[EventCountry "CAN"]

1. d4 Nf6 2. Nf3 g6 3. Nc3 Bg7 4. e4 d5 5. e5 Ne4 6. Nxe4 dxe4 7. Ng5 Nc6 8. c3 Qd5 9. Qb3 Qxb3 10. axb3 Bf5 11. Bc4 e6 12. h4 h6 13. Nh3 Ke7 14. Nf4 g5 15. Nh5 Bf8 16. hxg5 hxg5 17. Bxg5+ Ke8 18. Nf6+ 1-0

[Event "Winnipeg TNT August op"]
[Site "Winnipeg CAN"]
[Date "2009.08.04"]
[Round "1.4"]
[White "Campbell, Gary"]
[Black "Kaptsan, Aron"]
[Result "0-1"]
[WhiteElo "1651"]
[BlackElo "2027"]
[PlyCount "68"]
[GameId "2160767910093359"]
[EventDate "2009.08.04"]
[EventType "swiss"]
[EventRounds "4"]
[EventCountry "CAN"]

1. d4 Nf6 2. c4 e6 3. Nc3 Bb4 4. e3 O-O 5. a3 Bxc3+ 6. bxc3 c5 7. Bd3 d6 8. Nf3 Nbd7 9. O-O e5 10. e4 Re8 11. d5 Nf8 12. Bg5 Ng6 13. Qd2 h6 14. Bxf6 Qxf6 15. Ne1 Nf4 16. Bc2 Qg5 17. Kh1 Qg6 18. f3 f5 19. Nd3 Nh5 20. Nf2 f4 21. a4 Rf8 22. a5 Rf6 23. Rg1 Ng3+ 24. hxg3 fxg3 25. Nh3 Qh5 26. Rgf1 Bxh3 27. gxh3 Qxh3+ 28. Kg1 Raf8 29. Qg2 Qh5 30. Bd1 Qg5 31. Re1 Rf4 32. Ra2 Rh4 33. Ree2 Rf6 34. Rac2 Qh5 0-1

[Event "Winnipeg TNT August op"]
[Site "Winnipeg CAN"]
[Date "2009.08.04"]
[Round "1.4"]
[White "Magnusson, Saul"]
[Black "Greenberg, Harley"]
[Result "1-0"]
[WhiteElo "1564"]
[BlackElo "1782"]
[PlyCount "55"]
[GameId "2160767910093360"]
[EventDate "2009.08.04"]
[EventType "swiss"]
[EventRounds "4"]
[EventCountry "CAN"]

1. e4 c5 2. Nc3 Nc6 3. Nf3 e5 4. Bc4 Nf6 5. Ng5 d5 6. exd5 Nd4 7. d6 Be6 8. Nxe6 fxe6 9. Nb5 Bxd6 10. Nxd6+ Qxd6 11. c3 Nc6 12. Qb3 Nd5 13. Qxb7 O-O 14. Bb5 Ncb4 15. cxb4 Nxb4 16. Qe4 Rab8 17. a4 Rxb5 18. axb5 Nd3+ 19. Ke2 Rxf2+ 20. Ke3 Rf4 21. Qxd3 Qb6 22. Ra6 Qb7 23. Rxe6 Rd4 24. Qf5 Qxb5 25. Rf1 Qb3+ 26. d3 Rd8 27. Qf7+ Kh8 28. Qf8+ 1-0

[Event "Winnipeg TNT August op"]
[Site "Winnipeg CAN"]
[Date "2009.08.11"]
[Round "2"]
[White "Bince, Rolando"]
[Black "Green, Aaron"]
[Result "0-1"]
[WhiteElo "2086"]
[BlackElo "1779"]
[PlyCount "50"]
[GameId "2160767910093361"]
[EventDate "2009.08.04"]
[EventType "swiss"]
[EventRounds "4"]
[EventCountry "CAN"]
[SourceTitle "EXT 2011"]
[Source "ChessBase"]
[SourceDate "2011.11.26"]
[SourceVersion "1"]
[SourceVersionDate "2011.11.26"]
[SourceQuality "1"]

1. e4 c5 2. Nf3 d6 3. d4 cxd4 4. Nxd4 Nf6 5. Nc3 g6 6. Be3 Bg7 7. f3 O-O 8. Qd2 Nc6 9. h4 h5 10. O-O-O d5 11. Nxc6 bxc6 12. exd5 Nxd5 13. Nxd5 cxd5 14. Qxd5 Qc7 15. Qc5 Qb8 16. b3 Bf5 17. Ba6 Qg3 18. Rhg1 Rac8 19. Bxc8 Rxc8 20. Qxc8+ Bxc8 21. Rd8+ Kh7 22. Rxc8 Qe5 23. Re1 Bh6 24. Kd2 Qd4+ 25. Ke2 Bxe3 0-1

[Event "Winnipeg TNT August op"]
[Site "Winnipeg CAN"]
[Date "2009.08.11"]
[Round "2"]
[White "Crawford, Gary"]
[Black "Campbell, Gary"]
[Result "1-0"]
[WhiteElo "1385"]
[BlackElo "1651"]
[PlyCount "61"]
[GameId "2160767910093362"]
[EventDate "2009.08.04"]
[EventType "swiss"]
[EventRounds "4"]
[EventCountry "CAN"]
[SourceTitle "EXT 2011"]
[Source "ChessBase"]
[SourceDate "2011.11.26"]
[SourceVersion "1"]
[SourceVersionDate "2011.11.26"]
[SourceQuality "1"]

1. e4 c5 2. Nf3 Nc6 3. Bb5 a6 4. Bxc6 bxc6 5. d3 d5 6. h3 Nf6 7. Qe2 e6 8. e5 Nd7 9. c3 Be7 10. Nbd2 O-O 11. Nf1 a5 12. Ng3 f6 13. O-O fxe5 14. Nxe5 Nxe5 15. Qxe5 Bf6 16. Qe2 Qd6 17. Re1 Bh4 18. Qg4 Bf6 19. Bg5 Bd7 20. Bxf6 Rxf6 21. Qe2 Raf8 22. Rf1 Be8 23. Rad1 Bg6 24. Rd2 Qf4 25. Qe3 Qd6 26. d4 cxd4 27. Rxd4 c5 28. Rd2 c4 29. Ne4 Bxe4 30. Qxe4 Rf4 31. Qe3 1-0

[Event "Winnipeg TNT August op"]
[Site "Winnipeg CAN"]
[Date "2009.08.11"]
[Round "2"]
[White "Czarny, Keith"]
[Black "Rutter, Blair"]
[Result "0-1"]
[WhiteElo "1626"]
[BlackElo "1810"]
[PlyCount "76"]
[GameId "2160767910093363"]
[EventDate "2009.08.04"]
[EventType "swiss"]
[EventRounds "4"]
[EventCountry "CAN"]
[SourceTitle "EXT 2011"]
[Source "ChessBase"]
[SourceDate "2011.11.26"]
[SourceVersion "1"]
[SourceVersionDate "2011.11.26"]
[SourceQuality "1"]

1. Nf3 d5 2. g3 c5 3. Bg2 Nc6 4. O-O e5 5. d3 Nf6 6. b3 Be7 7. Bb2 Qc7 8. c4 d4 9. Nbd2 O-O 10. h3 h6 11. Kh2 Be6 12. Ng1 Rae8 13. Bc1 Nd7 14. e3 f5 15. exd4 Nxd4 16. Ndf3 Nc6 17. Bb2 g5 18. Re1 Bf6 19. Nd2 Kh7 20. a3 Rg8 21. Ra2 g4 22. hxg4 Rxg4 23. Ndf3 f4 24. Bh3 Rg7 25. gxf4 e4 26. Bxe6 Qxf4+ 27. Kh1 Rxe6 28. Rxe4 Rxe4 29. dxe4 Qg4 30. Qf1 Qxe4 31. Qh3 Bxb2 32. Rxb2 Nd4 33. Kh2 Qf4+ 34. Kh1 Nxf3 35. Nxf3 Qc1+ 36. Kh2 Qxb2 37. Qf5+ Kh8 38. Nh4 Qe5+ 0-1

[Event "Winnipeg TNT August op"]
[Site "Winnipeg CAN"]
[Date "2009.08.11"]
[Round "2"]
[White "Einarsson, Ken"]
[Black "Schulz, Waldemar"]
[Result "1-0"]
[WhiteElo "1768"]
[BlackElo "2027"]
[PlyCount "69"]
[GameId "2160767910093364"]
[EventDate "2009.08.04"]
[EventType "swiss"]
[EventRounds "4"]
[EventCountry "CAN"]
[SourceTitle "EXT 2011"]
[Source "ChessBase"]
[SourceDate "2011.11.26"]
[SourceVersion "1"]
[SourceVersionDate "2011.11.26"]
[SourceQuality "1"]

1. d4 Nf6 2. c4 g6 3. Nc3 d5 4. Bg5 Ne4 5. Nxe4 dxe4 6. g3 Bg7 7. Be3 O-O 8. Bg2 f5 9. f3 c5 10. d5 Bxb2 11. Rb1 Bc3+ 12. Bd2 exf3 13. Nxf3 Bg7 14. O-O Nd7 15. Ng5 Ne5 16. Qc2 Qd6 17. Bf4 b6 18. Ne6 Bxe6 19. dxe6 Rad8 20. Rfd1 Qxe6 21. Rxd8 Rxd8 22. Rd1 Qc8 23. Bd5+ Kh8 24. Qa4 Qd7 25. Qb3 e6 26. Bg5 Re8 27. Bg2 Qc7 28. Qb5 Qf7 29. Bc6 Rc8 30. Qa6 Qc7 31. Bb5 h6 32. Be7 Nc6 33. Bxc6 Qxc6 34. Qxa7 Bd4+ 35. Rxd4 1-0

[Event "Winnipeg TNT August op"]
[Site "Winnipeg CAN"]
[Date "2009.08.11"]
[Round "2"]
[White "Ott, Richard"]
[Black "Goodman, Clifford"]
[Result "1-0"]
[WhiteElo "1483"]
[BlackElo "1678"]
[PlyCount "51"]
[GameId "2160767910093365"]
[EventDate "2009.08.04"]
[EventType "swiss"]
[EventRounds "4"]
[EventCountry "CAN"]
[SourceTitle "EXT 2011"]
[Source "ChessBase"]
[SourceDate "2011.11.26"]
[SourceVersion "1"]
[SourceVersionDate "2011.11.26"]
[SourceQuality "1"]

1. d4 Nf6 2. Nf3 g6 3. Nc3 d5 4. Bf4 Bg7 5. h3 c5 6. e3 O-O 7. dxc5 Qa5 8. Nd2 Ne4 9. Ncxe4 dxe4 10. c3 Rd8 11. Qc2 e5 12. Nb3 Qc7 13. Bh2 Be6 14. Nd4 Qxc5 15. Nxe6 fxe6 16. Qxe4 Qd5 17. Qxd5 exd5 18. O-O-O Nc6 19. g4 d4 20. Bc4+ Kh8 21. exd4 exd4 22. cxd4 Nxd4 23. Kb1 b5 24. Bd3 Rd5 25. Be4 Rc5 26. Bxa8 1-0

[Event "Winnipeg TNT August op"]
[Site "Winnipeg CAN"]
[Date "2009.08.11"]
[Round "2"]
[White "Zaczek, Jonathon"]
[Black "Khedkar, Jay S"]
[Result "1/2-1/2"]
[WhiteElo "2121"]
[BlackElo "2008"]
[PlyCount "97"]
[GameId "2160767910093366"]
[EventDate "2009.08.04"]
[EventType "swiss"]
[EventRounds "4"]
[EventCountry "CAN"]
[SourceTitle "EXT 2011"]
[Source "ChessBase"]
[SourceDate "2011.11.26"]
[SourceVersion "1"]
[SourceVersionDate "2011.11.26"]
[SourceQuality "1"]

1. e4 e5 2. Nf3 Nc6 3. Bb5 a6 4. Ba4 Nf6 5. O-O Be7 6. Re1 b5 7. Bb3 d6 8. c3 O-O 9. d3 Na5 10. Bc2 c5 11. Nbd2 Re8 12. Nf1 Bf8 13. Ng3 g6 14. a4 Bb7 15. Bd2 Bg7 16. Qe2 d5 17. b4 dxe4 18. dxe4 cxb4 19. axb5 Qc7 20. cxb4 Qxc2 21. bxa5 axb5 22. Qxb5 Ba6 23. Qa4 Rac8 24. Rec1 Qxa4 25. Rxa4 Rxc1+ 26. Bxc1 Rc8 27. Bd2 Nd7 28. Ra1 f5 29. Rc1 Rxc1+ 30. Bxc1 f4 31. Nf1 Nc5 32. Bb2 Nd3 33. Bc3 Bf6 34. h4 h6 35. N1h2 h5 36. Ng5 Nc1 37. Bb4 Ne2+ 38. Kh1 Nd4 39. Nhf3 Nxf3 40. Nxf3 Kf7 41. Ng5+ Bxg5 42. hxg5 Ke6 43. f3 Bb5 44. Kg1 Ba6 45. Kf2 Bb5 46. Bc5 Ba6 47. Ke1 Bb5 48. Bb6 Kd7 49. Kf2 1/2-1/2

[Event "Winnipeg TNT August op"]
[Site "Winnipeg CAN"]
[Date "2009.08.11"]
[Round "2.4"]
[White "Evans, Brian"]
[Black "Keer, Keer"]
[Result "1-0"]
[WhiteElo "1579"]
[BlackElo "1433"]
[PlyCount "85"]
[GameId "2160767910093367"]
[EventDate "2009.08.04"]
[EventType "swiss"]
[EventRounds "4"]
[EventCountry "CAN"]

1. e4 e5 2. Nf3 d6 3. h3 Nc6 4. d4 exd4 5. Nxd4 Bd7 6. Nxc6 Bxc6 7. Nc3 Qe7 8. Bd3 O-O-O 9. O-O d5 10. exd5 Bxd5 11. Nxd5 Rxd5 12. Qf3 Nf6 13. Bf5+ Kb8 14. Bg5 h6 15. Bxf6 Qc5 16. Be4 Rd6 17. Bc3 f6 18. Rad1 Be7 19. Rxd6 Bxd6 20. Bxb7 f5 21. Bd5 Rf8 22. Bxg7 Re8 23. Qb3+ Kc8 24. Be6+ Rxe6 25. Qxe6+ Kb7 26. Qb3+ Kc8 27. Re1 h5 28. Re8+ Kd7 29. Qe6+ Kc6 30. Be5 Qxc2 31. Bxd6 Qd1+ 32. Qe1 Qxe1+ 33. Rxe1 cxd6 34. Re7 a5 35. Rf7 Kc5 36. Rxf5+ d5 37. Rxh5 Kc4 38. Kf1 a4 39. Ke2 d4 40. Kd2 a3 41. b3+ Kb4 42. Rh4 Kc5 43. Kd3 1-0

[Event "Winnipeg TNT August op"]
[Site "Winnipeg CAN"]
[Date "2009.08.11"]
[Round "2.4"]
[White "Greenberg, Harley"]
[Black "Villeneuve, Justin"]
[Result "1-0"]
[WhiteElo "1782"]
[BlackElo "1306"]
[PlyCount "39"]
[GameId "2160767910093368"]
[EventDate "2009.08.04"]
[EventType "swiss"]
[EventRounds "4"]
[EventCountry "CAN"]

1. e4 e5 2. Nf3 Nc6 3. Bb5 a6 4. Ba4 Nf6 5. O-O Bc5 6. c3 O-O 7. d4 exd4 8. cxd4 Bb6 9. Nc3 d6 10. h3 Bd7 11. Bg5 Re8 12. Nd5 Rxe4 13. Bxf6 gxf6 14. Nxb6 cxb6 15. Bc2 Re7 16. Nh4 Qc7 17. Qh5 Ree8 18. Qxh7+ Kf8 19. Rae1 Nxd4 20. Qh8# 1-0

[Event "Winnipeg TNT August op"]
[Site "Winnipeg CAN"]
[Date "2009.08.11"]
[Round "2.4"]
[White "Kaptsan, Aron"]
[Black "Lipic, Stephen"]
[Result "1-0"]
[WhiteElo "2027"]
[BlackElo "1717"]
[PlyCount "71"]
[GameId "2160767910093369"]
[EventDate "2009.08.04"]
[EventType "swiss"]
[EventRounds "4"]
[EventCountry "CAN"]

1. d4 c6 2. c4 d5 3. Nf3 e6 4. Nc3 f5 5. Bg5 Be7 6. Bxe7 Qxe7 7. e3 Nf6 8. Bd3 Ne4 9. Qc2 Nd7 10. O-O O-O 11. Rac1 Ndf6 12. Ne5 Bd7 13. Rfe1 Be8 14. f3 Ng5 15. cxd5 cxd5 16. Qb3 Nf7 17. Nxf7 Rxf7 18. e4 fxe4 19. fxe4 Qd8 20. e5 Ng4 21. h3 Nf2 22. Re3 Qg5 23. Rce1 Qf4 24. Ne2 Nxh3+ 25. Rxh3 Qf2+ 26. Kh2 Qxe1 27. Bxh7+ Kf8 28. Qa3+ Re7 29. Nf4 Bf7 30. Bg6 Ke8 31. Qa4+ Kd8 32. Bxf7 Rxf7 33. Nxe6+ Ke7 34. Ng5 Rff8 35. Qa3+ Kd7 36. Qd6+ 1-0